000 00365nam a2200121Ia 4500
008 250110s9999 xx 000 0 und d
041 _aeng
100 _aDimble Komal
_9184152
245 _aLandscape Design For Centre Of Environment Awareness With Rural Context
260 _bBNCA M Arch LA, Pune
_c2020
300 _a94p
700 _aGuide Name:Shand Nidhi
_9210948
999 _c364569
_d364569